Most Corrupt Countries 1995-1999 - Statistics

General Stats
  • This quiz has been taken 10 times
  • The average score is 5 of 20
Answer Stats
Corrupt Country % Correct
Russia
75%
Nigeria
63%
Kenya
50%
Indonesia
38%
Yugoslavia
38%
Albania
25%
Armenia
25%
Azerbaijan
25%
Bangladesh
25%
Bolivia
25%
Georgia
25%
Pakistan
25%
Tanzania
25%
Cameroon
13%
Ecuador
13%
Honduras
13%
Kyrgyzstan
13%
Uganda
13%
Uzbekistan
13%
Paraguay
0%
No matching quizzes found
Score Distribution
Percent of People with Each Score
Percentile by Number Answered
Your Score History
You have not taken this quiz